<?xml version="1.0" encoding="UTF-8"?>
<record
    xmlns:xsi="http://www.w3.org/2001/XMLSchema-instance"
    xsi:schemaLocation="http://www.loc.gov/MARC21/slim http://www.loc.gov/standards/marcxml/schema/MARC21slim.xsd"
    xmlns="http://www.loc.gov/MARC21/slim">

  <leader>01060nam2a22002411  4500</leader>
  <controlfield tag="001">rc\2253502</controlfield>
  <controlfield tag="005">20250623100349.0</controlfield>
  <datafield tag="035" ind1=" " ind2=" ">
    <subfield code="a">(NLR Aleph) 006713595</subfield>
  </datafield>
  <datafield tag="090" ind1=" " ind2=" ">
    <subfield code="a">5368767</subfield>
    <subfield code="c">5368767</subfield>
  </datafield>
  <datafield tag="100" ind1=" " ind2=" ">
    <subfield code="a">20110829d1978    |||y0rusy50      ca</subfield>
  </datafield>
  <datafield tag="101" ind1="1" ind2=" ">
    <subfield code="a">rus</subfield>
    <subfield code="c">arm</subfield>
  </datafield>
  <datafield tag="102" ind1=" " ind2=" ">
    <subfield code="a">RU</subfield>
  </datafield>
  <datafield tag="105" ind1=" " ind2=" ">
    <subfield code="a">ac  z   |||a|</subfield>
  </datafield>
  <datafield tag="200" ind1="1" ind2=" ">
    <subfield code="a">&#x421;&#x442;&#x438;&#x445;&#x438;</subfield>
  </datafield>
  <datafield tag="210" ind1=" " ind2=" ">
    <subfield code="d">1978</subfield>
    <subfield code="a">&#x411;. &#x43C;.</subfield>
  </datafield>
  <datafield tag="215" ind1=" " ind2=" ">
    <subfield code="a">438 &#x441;., 1 &#x43B;. &#x43F;&#x43E;&#x440;&#x442;&#x440;.</subfield>
    <subfield code="c">&#x438;&#x43B;.</subfield>
  </datafield>
  <datafield tag="461" ind1=" " ind2="0">
    <subfield code="1">001rc\2253501</subfield>
    <subfield code="1">2001#$a&#x418;&#x437;&#x431;&#x440;&#x430;&#x43D;&#x43D;&#x44B;&#x435; &#x43F;&#x440;&#x43E;&#x438;&#x437;&#x432;&#x435;&#x434;&#x435;&#x43D;&#x438;&#x44F;$e&#x412; 2 &#x442;.$e&#x41F;&#x435;&#x440;. &#x441; &#x430;&#x440;&#x43C;.$f&#x421;&#x438;&#x43B;&#x44C;&#x432;&#x430; &#x41A;&#x430;&#x43F;&#x443;&#x442;&#x438;&#x43A;&#x44F;&#x43D;$g[&#x412;&#x441;&#x442;&#x443;&#x43F;. &#x441;&#x442;&#x430;&#x442;&#x44C;&#x44F; &#x421;. &#x420;&#x430;&#x441;&#x441;&#x430;&#x434;&#x438;&#x43D;&#x430;]$v&#x422;. 1</subfield>
    <subfield code="1">700#1$a&#x41A;&#x430;&#x43F;&#x443;&#x442;&#x438;&#x43A;&#x44F;&#x43D;$b&#x421;. &#x411;.$f1919-2006$g&#x421;&#x438;&#x43B;&#x44C;&#x432;&#x430; &#x411;&#x430;&#x440;&#x443;&#x43D;&#x430;&#x43A;&#x43E;&#x432;&#x43D;&#x430;$3RU\NLR\AUTH\7735585</subfield>
    <subfield code="9">5368758</subfield>
    <subfield code="a">&#x41A;&#x430;&#x43F;&#x443;&#x442;&#x438;&#x43A;&#x44F;&#x43D;, &#x421;. &#x411;. (1919-2006)</subfield>
    <subfield code="c">&#x41C;&#x43E;&#x441;&#x43A;&#x432;&#x430;</subfield>
    <subfield code="d">1978-</subfield>
    <subfield code="f">&#x421;&#x438;&#x43B;&#x44C;&#x432;&#x430; &#x41A;&#x430;&#x43F;&#x443;&#x442;&#x438;&#x43A;&#x44F;&#x43D;</subfield>
    <subfield code="n">&#x425;&#x443;&#x434;&#x43E;&#x436;. &#x43B;&#x438;&#x442;.</subfield>
    <subfield code="o">&#x412; 2 &#x442;. : &#x41F;&#x435;&#x440;. &#x441; &#x430;&#x440;&#x43C;.</subfield>
    <subfield code="t">&#x418;&#x437;&#x431;&#x440;&#x430;&#x43D;&#x43D;&#x44B;&#x435; &#x43F;&#x440;&#x43E;&#x438;&#x437;&#x432;&#x435;&#x434;&#x435;&#x43D;&#x438;&#x44F;</subfield>
    <subfield code="v">&#x422;. 1</subfield>
  </datafield>
  <datafield tag="801" ind1=" " ind2="0">
    <subfield code="a">RU</subfield>
    <subfield code="b">NLR</subfield>
    <subfield code="g">psbo</subfield>
  </datafield>
  <datafield tag="801" ind1=" " ind2="1">
    <subfield code="a">RU</subfield>
    <subfield code="b">ELAR</subfield>
    <subfield code="2">rusmarc</subfield>
  </datafield>
  <datafield tag="852" ind1=" " ind2=" ">
    <subfield code="a">NLR</subfield>
    <subfield code="j">79-3/2436</subfield>
  </datafield>
  <datafield tag="942" ind1=" " ind2=" ">
    <subfield code="c">BOOK</subfield>
  </datafield>
  <datafield tag="980" ind1=" " ind2=" ">
    <subfield code="a">NB</subfield>
  </datafield>
  <datafield tag="995" ind1=" " ind2=" ">
    <subfield code="5">2013-10-26</subfield>
    <subfield code="b">NLR01</subfield>
    <subfield code="c">NLR01</subfield>
    <subfield code="e">RF9</subfield>
    <subfield code="f">6713595-10</subfield>
    <subfield code="k">79-3/2436</subfield>
    <subfield code="o">0</subfield>
    <subfield code="r">BOOK</subfield>
    <subfield code="s">7932436_</subfield>
  </datafield>
  <datafield tag="995" ind1=" " ind2=" ">
    <subfield code="5">2014-04-08</subfield>
    <subfield code="a">az</subfield>
    <subfield code="b">NLR02</subfield>
    <subfield code="c">NLR02</subfield>
    <subfield code="e">NZ2</subfield>
    <subfield code="f">1-376088</subfield>
    <subfield code="k">&#x41D;&#x437;  &#x428;6(24)/&#x41A;-207</subfield>
    <subfield code="o">0</subfield>
    <subfield code="r">BOOK</subfield>
    <subfield code="s">_624207</subfield>
  </datafield>
</record>
